zpět

Detail výsledku týmu

Club Náplavka, Karlovy Vary

Datum a čas kvízu

22 Celkem bodů Celkový počet nahraných bodů na tomto kvízu bez doplňovacích otázek.
4. Pořadí na kvízu Konečné umístění týmu na tomto kvízu.

Zaznamenané odpovědi

# Otázka Odpověď Body Výsledky
1. Jak se jmenuje sídlo na Uhersk... D 1
2. Předvolební boj na Slovensku s... Igor Matovič, Robert Kaliňák 0
3. V pátek měla na Netflixu premi... Bory 1
4. Ve které zemi vydal telekomuni... ve Francii 1
5. Která tenistka, světová jednič... Simona Halep 0
6. Anglický výraz GOAT zkracuje o... Bobby Orr 0
7. Nejrychlejší muž planety a osm... Carl Lewis 1
8. Pokud se kohokoliv zeptáte na... 1B 2C 3A 4D 1
9. Ve voze které stáje vyhrál své... Benetton 0
10. V březnu 2023 tato americká ly... Mikaela Shiffrin 0